[Event "XXIV Memorial Edoardo Crespi A"]
[Site "Milano ITA"]
[Date "2003.12.06"]
[Round "2"]
[White "Didoni, Renato"]
[Black "Petrini, Roberto"]
[Result "0-1"]
[WhiteElo "1888"]
[BlackElo "2106"]
[PlyCount "86"]
[EventDate "2003.12.05"]

1. e4 e5 2. Nc3 Nc6 3. Nf3 Nf6 4. a3 d5 5. Bb5 d4 6. Ne2 Nxe4 7. d3 Nf6 8. Nxe5
Qd5 9. Bxc6+ bxc6 10. Nf3 c5 11. Nf4 Qd6 12. O-O Be7 13. Re1 O-O 14. Ne5 Ba6
15. Qf3 Rfe8 16. Bd2 Rab8 17. b3 Bb7 18. Qg3 Bf8 19. Nc4 Qd7 20. Nh3 Qd5 21. f3
Bd6 22. Nxd6 cxd6 23. Ng5 Rbd8 24. Ne4 Nxe4 25. fxe4 Qh5 26. Rf1 Re6 27. Rae1
Rg6 28. Qf2 Rf8 29. Re2 Bc8 30. Qe1 Bh3 31. Kh1 Be6 32. Ref2 d5 33. e5 c4 34.
b4 cxd3 35. cxd3 Rc8 36. Rf3 Rc2 37. R3f2 Rg3 38. Rf3 Rg6 39. R1f2 Rg4 40. Bf4
Rxf2 41. Qxf2 Rg6 42. Qxd4 h6 43. Qxa7 Bh3 0-1

[Event "XXIV Memorial Edoardo Crespi A"]
[Site "Milano ITA"]
[Date "2003.12.06"]
[Round "2"]
[White "Facchetti, Gianni"]
[Black "Bevilacqua, Maurizio"]
[Result "0-1"]
[WhiteElo "2159"]
[BlackElo "2082"]
[PlyCount "86"]
[EventDate "2003.12.05"]

1. e4 c5 2. Nf3 e6 3. d4 cxd4 4. Nxd4 Nc6 5. Nxc6 bxc6 6. Bd3 d5 7. O-O Nf6 8.
Nd2 Be7 9. Qe2 O-O 10. b3 a5 11. a4 Qb6 12. Bb2 Rd8 13. Rad1 Ba6 14. Bxa6 Qxa6
15. Qxa6 Rxa6 16. e5 Nd7 17. Nf3 c5 18. Bc3 Kf8 19. Rfe1 Rc8 20. Nd2 Nb6 21.
Rb1 g6 22. f4 c4 23. Bd4 Bc5 24. Nf3 Rc6 25. Re2 Ra8 26. g3 cxb3 27. cxb3 Rac8
28. Kg2 Bb4 29. Rbb2 Nd7 30. Ne1 Ba3 31. Rbc2 Bc5 32. Nf3 Bb4 33. Rxc6 Rxc6 34.
Kf2 Nc5 35. Bxc5+ Bxc5+ 36. Kf1 Be7 37. Rb2 Rc3 38. Ne1 d4 39. Ke2 Bc5 40. Rb1
Bb4 41. Nd3 Rc2+ 42. Kf3 Ke7 43. h3 Kd7 0-1

[Event "XXIV Memorial Edoardo Crespi A"]
[Site "Milano ITA"]
[Date "2003.12.06"]
[Round "2"]
[White "Giretti Kanev, Jasen"]
[Black "Zacco, Remo"]
[Result "0-1"]
[WhiteElo "2210"]
[BlackElo "2077"]
[PlyCount "80"]
[EventDate "2003.12.05"]

1. c4 e5 2. Nc3 f5 3. d4 exd4 4. Qxd4 Nc6 5. Qe3+ Qe7 6. Nd5 Qxe3 7. Bxe3 Bd6
8. O-O-O Nge7 9. c5 Nxd5 10. Rxd5 Be5 11. Nf3 Bf6 12. Bf4 d6 13. cxd6 Be6 14.
Rb5 cxd6 15. e3 O-O-O 16. Bd3 g6 17. Bg5 Bxg5 18. Nxg5 Bg8 19. a4 a6 20. Rb6
Kc7 21. a5 Nxa5 22. Rb4 Nc6 23. Rh4 Ne5 24. Be2 h6 25. Nf3 Ng4 26. Rf1 Bd5 27.
h3 Bxf3 28. gxf3 g5 29. hxg4 gxh4 30. gxf5 Rhg8 31. Kd1 Rg2 32. Rh1 Rdg8 33.
Rxh4 Rxf2 34. Ke1 Rgg2 35. Rc4+ Kd7 36. Bf1 Rh2 37. b4 Rxf3 38. Be2 Rxe3 39.
Rf4 Rexe2+ 40. Kd1 Re8 0-1

[Event "XXIV Memorial Edoardo Crespi A"]
[Site "Milano ITA"]
[Date "2003.12.06"]
[Round "2"]
[White "Jara, Erik"]
[Black "Mazzini, Antonio"]
[Result "0-1"]
[WhiteElo "2127"]
[BlackElo "2131"]
[PlyCount "90"]
[EventDate "2003.12.05"]

1. c4 e6 2. e4 d5 3. exd5 exd5 4. d4 Nf6 5. Nc3 Be7 6. Bg5 O-O 7. Be2 dxc4 8.
Bxc4 Nbd7 9. Nf3 Nb6 10. Be2 Bf5 11. O-O Re8 12. Re1 h6 13. Bf4 c6 14. Bd3 Bxd3
15. Qxd3 Nfd5 16. Be5 Bf6 17. Rad1 Bxe5 18. Nxe5 Re6 19. Ne4 Qc7 20. Nc5 Re7
21. g3 Rae8 22. Qd2 f6 23. Ned3 Nc4 24. Qc2 Nd6 25. Qb3 b6 26. Na6 Rxe1+ 27.
Nxe1 Qf7 28. Nf3 Kh8 29. Rc1 Qd7 30. Nb4 Nxb4 31. Qxb4 Nf5 32. Qc4 Re6 33. b4
Rd6 34. Rd1 Rd5 35. a3 c5 36. bxc5 bxc5 37. Rb1 Nxd4 38. Rb8+ Kh7 39. Nh4 Nf5
40. Qe4 g6 41. Nxg6 Kxg6 42. Qg4+ Kf7 43. Qg8+ Ke7 44. Rb7 Rd1+ 45. Kg2 Qxb7+
0-1

[Event "XXIV Memorial Edoardo Crespi A"]
[Site "Milano ITA"]
[Date "2003.12.06"]
[Round "2"]
[White "Lapiccirella, Daniele"]
[Black "Rossi, Giampiero"]
[Result "1/2-1/2"]
[WhiteElo "2086"]
[BlackElo "2040"]
[PlyCount "53"]
[EventDate "2003.12.05"]

1. d4 d5 2. c4 e6 3. Nc3 c6 4. cxd5 exd5 5. Qc2 Nf6 6. Bg5 Be7 7. e3 Nbd7 8.
Bd3 O-O 9. Nf3 Re8 10. O-O Nf8 11. h3 Ne4 12. Bxe7 Qxe7 13. Bxe4 dxe4 14. Nd2
f5 15. Ne2 Be6 16. Rfc1 Rad8 17. Qc5 Qxc5 18. Rxc5 Bd5 19. Nf4 Ne6 20. Nxe6
Rxe6 21. b4 Rf6 22. a4 a6 23. Nc4 Bxc4 24. Rxc4 Rd5 25. Rc5 Rfd6 26. Rac1 Kf7
27. Kf1 1/2-1/2

[Event "XXIV Memorial Edoardo Crespi A"]
[Site "Milano ITA"]
[Date "2003.12.06"]
[Round "2"]
[White "Locatelli, Andrea"]
[Black "Bisignano, Giuseppe"]
[Result "1-0"]
[WhiteElo "2106"]
[BlackElo "2055"]
[PlyCount "91"]
[EventDate "2003.12.05"]

1. e4 d6 2. d4 Nf6 3. Nc3 g6 4. f4 Bg7 5. Nf3 O-O 6. Bd3 Nbd7 7. O-O b6 8. e5
dxe5 9. dxe5 Ng4 10. Be4 Rb8 11. Nd4 Nc5 12. Nc6 Qxd1 13. Rxd1 Nxe4 14. Nxe4
Bb7 15. Nxb8 Bxe4 16. Na6 h5 17. c3 Rc8 18. Nb4 e6 19. Nd3 c5 20. Nf2 Nxf2 21.
Kxf2 c4 22. Be3 Bd3 23. Rd2 f6 24. exf6 Bh6 25. g3 Rf8 26. Bd4 g5 27. Be5 Kf7
28. a4 Kg6 29. a5 b5 30. a6 gxf4 31. gxf4 Kf5 32. Ke3 Rxf6 33. Rxd3 cxd3 34.
Bxf6 Bxf4+ 35. Kxd3 Kxf6 36. Ke4 Bc7 37. Rd1 Kg5 38. Rd7 Bb6 39. Rb7 Bg1 40.
Rxb5+ Kh4 41. b3 Bxh2 42. Kf3 e5 43. Kg2 Bf4 44. Rb7 Be3 45. Re7 Bf4 46. Rxa7
1-0

[Event "XXIV Memorial Edoardo Crespi A"]
[Site "Milano ITA"]
[Date "2003.12.06"]
[Round "2"]
[White "Massironi, Marco"]
[Black "Barpiyeva, Gulsana"]
[Result "1-0"]
[WhiteElo "2082"]
[BlackElo "2169"]
[PlyCount "92"]
[EventDate "2003.12.05"]

1. e4 c5 2. Nf3 e6 3. d4 cxd4 4. Nxd4 a6 5. c4 Qc7 6. Nc3 Nf6 7. a3 Nc6 8. Be3
Ne5 9. Be2 d6 10. Rc1 Be7 11. O-O b6 12. f4 Ned7 13. Bf3 Bb7 14. f5 e5 15. Nd5
Qd8 16. Ne2 b5 17. Nxe7 Qxe7 18. cxb5 axb5 19. Rc7 Ba6 20. Re1 O-O 21. Nc3 Rfc8
22. Rxc8+ Rxc8 23. Qd2 b4 24. axb4 Rb8 25. Nd5 Nxd5 26. Qxd5 Nf6 27. Qa5 Bb7
28. Bg5 h6 29. Bh4 Bc6 30. Rc1 Qb7 31. b5 Qxb5 32. Qxb5 Bxb5 33. Rc3 Ba4 34.
Rd3 Rb6 35. Rd2 Kf8 36. Bf2 Rc6 37. h4 Ke7 38. Kf1 Bb5+ 39. Kg1 Rc4 40. b3 Rb4
41. Rb2 Nxe4 42. Be1 Rd4 43. b4 f6 44. Ra2 d5 45. Ra7+ Bd7 46. b5 Nd6 1-0

[Event "XXIV Memorial Edoardo Crespi A"]
[Site "Milano ITA"]
[Date "2003.12.06"]
[Round "2"]
[White "Murgia, Andrea"]
[Black "Efimov, Igor"]
[Result "0-1"]
[WhiteElo "2132"]
[BlackElo "2497"]
[PlyCount "90"]
[EventDate "2003.12.05"]

1. e4 c5 2. c3 d6 3. d4 Nd7 4. Nf3 Qc7 5. Nbd2 Ngf6 6. h3 g6 7. Bc4 e6 8. Qe2
Bg7 9. O-O O-O 10. Re1 d5 11. Bb3 a5 12. e5 Ne8 13. Nf1 b5 14. Bf4 b4 15. Qd2
a4 16. Bxd5 bxc3 17. bxc3 exd5 18. e6 Nd6 19. exd7 Bxd7 20. c4 cxd4 21. Qb4 Ra6
22. cxd5 Qb6 23. Rab1 Qxb4 24. Rxb4 Nb5 25. Re7 Nc3 26. Rxd7 Ne2+ 27. Kh2 Nxf4
28. Nxd4 Nd3 29. Rc4 Ne5 30. Rdc7 Nxc4 31. Rxc4 Be5+ 32. g3 Kg7 33. Ne3 h6 34.
Kg2 Re8 35. Nb5 Rb6 36. Nc3 Bxc3 37. Rxc3 Rb2 38. Rd3 Rxa2 39. d6 Rb2 40. d7
Rd8 41. Nc4 Rb3 42. Rd6 Rb7 43. Ne5 f6 44. Nc4 Rdxd7 45. Ra6 Ra7 0-1

[Event "XXIV Memorial Edoardo Crespi A"]
[Site "Milano ITA"]
[Date "2003.12.06"]
[Round "2"]
[White "Paoli, Enrico"]
[Black "Bozzali, Ermanno"]
[Result "0-1"]
[WhiteElo "1950"]
[BlackElo "2124"]
[PlyCount "52"]
[EventDate "2003.12.05"]

1. e4 c5 2. c3 Nf6 3. Bd3 d5 4. e5 Ng4 5. Nf3 Nc6 6. Qe2 g6 7. h3 Nh6 8. g4 Bg7
9. Bb5 O-O 10. d4 cxd4 11. cxd4 f6 12. exf6 Rxf6 13. Be3 Nxg4 14. hxg4 Bxg4 15.
Nbd2 Qa5 16. O-O Raf8 17. Bxc6 bxc6 18. Bg5 Bxf3 19. Nxf3 Rxf3 20. Bxe7 R8f7
21. Bc5 Qd8 22. Rfe1 Qg5+ 23. Kf1 Qh4 24. Qe8+ Bf8 25. Ke2 Qxf2+ 26. Kd1 Qxb2
0-1

[Event "XXIV Memorial Edoardo Crespi A"]
[Site "Milano ITA"]
[Date "2003.12.06"]
[Round "2"]
[White "Pietrocola, Roberto"]
[Black "Contini, Gabriele"]
[Result "1/2-1/2"]
[WhiteElo "1903"]
[BlackElo "1951"]
[PlyCount "35"]
[EventDate "2003.12.05"]

1. e4 d5 2. exd5 Nf6 3. d4 Nxd5 4. c4 Nb6 5. Nc3 e5 6. Be3 exd4 7. Bxd4 Nc6 8.
Bxb6 axb6 9. Qxd8+ Nxd8 10. Bd3 Ne6 11. Nge2 Bd6 12. O-O Bd7 13. Bf5 g6 14. Bg4
O-O 15. Rad1 f5 16. Bf3 Bc6 17. Bxc6 bxc6 18. a3 1/2-1/2

[Event "XXIV Memorial Edoardo Crespi A"]
[Site "Milano ITA"]
[Date "2003.12.06"]
[Round "2"]
[White "Podini, Francesco"]
[Black "Lapiccirella, Mattia"]
[Result "1/2-1/2"]
[WhiteElo "2041"]
[BlackElo "2180"]
[PlyCount "38"]
[EventDate "2003.12.05"]

1. e4 c5 2. Nc3 Nc6 3. f4 g6 4. Nf3 Bg7 5. Bb5 Nd4 6. d3 Nxb5 7. Nxb5 d5 8. O-O
Bd7 9. Nc3 Bc6 10. e5 Nh6 11. Qe1 O-O 12. h3 f6 13. g4 fxe5 14. Nxe5 Qd6 15.
Bd2 Nf7 16. Nxc6 bxc6 17. Qe2 Rad8 18. Rad1 e5 19. f5 c4 1/2-1/2

[Event "XXIV Memorial Edoardo Crespi A"]
[Site "Milano ITA"]
[Date "2003.12.06"]
[Round "2"]
[White "Raineri, Valerio"]
[Black "Pelizzola, Danilo"]
[Result "1-0"]
[WhiteElo "2191"]
[BlackElo "2118"]
[PlyCount "45"]
[EventDate "2003.12.05"]

1. e4 c5 2. Nf3 Nc6 3. d4 cxd4 4. Nxd4 Nf6 5. Nc3 e5 6. Ndb5 d6 7. Nd5 Nxd5 8.
exd5 Nb8 9. c4 Be7 10. Bd3 Na6 11. Be3 b6 12. O-O Nc7 13. Nc3 f5 14. f3 O-O 15.
Qd2 Bd7 16. b4 Bf6 17. c5 dxc5 18. bxc5 bxc5 19. Bxc5 Re8 20. Rfe1 Bc8 21. Rad1
Be7 22. Bxe7 Qxe7 23. d6 1-0

[Event "XXIV Memorial Edoardo Crespi A"]
[Site "Milano ITA"]
[Date "2003.12.06"]
[Round "2"]
[White "Rosin, Federico"]
[Black "Vancini, Edoardo"]
[Result "1/2-1/2"]
[WhiteElo "2117"]
[BlackElo "2284"]
[PlyCount "65"]
[EventDate "2003.12.05"]

1. e4 c5 2. Nf3 e6 3. d4 cxd4 4. Nxd4 Nc6 5. Nc3 Qc7 6. Be2 a6 7. O-O Nf6 8.
Be3 Bb4 9. Na4 Be7 10. Nxc6 dxc6 11. Nb6 Rb8 12. Bd3 c5 13. Nxc8 Rxc8 14. b3
Rd8 15. Qe2 h5 16. h3 h4 17. f4 Nh5 18. Qf2 b5 19. e5 c4 20. bxc4 bxc4 21. Be2
Ng3 22. Rfd1 Nxe2+ 23. Qxe2 Qc6 24. Qf2 O-O 25. f5 Qe4 26. f6 gxf6 27. exf6
Bxf6 28. Qxf6 Qxe3+ 29. Kh1 Rd5 30. Rxd5 exd5 31. Qxh4 Re8 32. Rf1 Qe5 33. Qg4+
1/2-1/2

[Event "XXIV Memorial Edoardo Crespi A"]
[Site "Milano ITA"]
[Date "2003.12.06"]
[Round "2"]
[White "Sgnaolin, Davide"]
[Black "Faccia, Sergio"]
[Result "1/2-1/2"]
[WhiteElo "2137"]
[BlackElo "1984"]
[PlyCount "35"]
[EventDate "2003.12.05"]

1. e4 e5 2. Nf3 f5 3. Nc3 fxe4 4. Nxe4 Nf6 5. Nxf6+ Qxf6 6. Bc4 c6 7. Qe2 d5 8.
Bb3 Bd6 9. h3 O-O 10. d3 a5 11. a4 Qg6 12. Nh4 Qf6 13. Nf3 Kh8 14. Be3 Na6 15.
O-O-O Nc7 16. d4 e4 17. Nh2 b5 18. f3 1/2-1/2

[Event "XXIV Memorial Edoardo Crespi A"]
[Site "Milano ITA"]
[Date "2003.12.06"]
[Round "2"]
[White "Zanetti, Alberto"]
[Black "Pace, Pietro Dario"]
[Result "0-1"]
[WhiteElo "2171"]
[BlackElo "2115"]
[PlyCount "88"]
[EventDate "2003.12.05"]

1. e4 e5 2. d4 exd4 3. c3 dxc3 4. Bc4 Nc6 5. Nf3 d6 6. Nxc3 Nf6 7. O-O Be7 8.
h3 O-O 9. Bf4 a6 10. a4 Nd7 11. Nd5 Nde5 12. Ba2 Be6 13. g4 h5 14. Nh2 hxg4 15.
hxg4 Qd7 16. f3 Bd8 17. Rc1 Ne7 18. Bb1 c6 19. Ne3 Bb6 20. Qd2 N7g6 21. Bg3 Nc4
22. Rxc4 Bxc4 23. Re1 Bb3 24. Kg2 Bxe3 25. Qxe3 Bxa4 26. Rh1 d5 27. e5 d4 28.
Qg5 d3 29. Nf1 Rfe8 30. Ba2 Re6 31. Nd2 Qe7 32. Qh5 Qb4 33. Bxe6 Qxd2+ 34. Kg1
Qd1+ 35. Kg2 Qe2+ 36. Kh3 Qxf3 37. Qxg6 Qxh1+ 38. Bh2 Qf3+ 39. Kh4 fxe6 40.
Qxe6+ Qf7 41. Qd6 Bb5 42. e6 Qf6+ 43. g5 Qd8 44. Qf4 Qe7 0-1

[Event "XXIV Memorial Edoardo Crespi A"]
[Site "Milano ITA"]
[Date "2003.12.07"]
[Round "3"]
[White "Barberi, Alessandro"]
[Black "Murgia, Andrea"]
[Result "1-0"]
[WhiteElo "2099"]
[BlackElo "2132"]
[PlyCount "73"]
[EventDate "2003.12.05"]

1. d4 f5 2. Nc3 Nf6 3. Bg5 d5 4. f3 Nc6 5. Qd2 h6 6. Bh4 g5 7. Bf2 Bg7 8. O-O-O
a6 9. h4 g4 10. e4 fxe4 11. fxe4 dxe4 12. Nge2 Bf5 13. d5 Nb4 14. Nd4 Bd7 15.
Bc4 c5 16. dxc6 bxc6 17. Rhe1 Qc7 18. Nxe4 Nbd5 19. Nc5 Qf4 20. Nxd7 Qxd2+ 21.
Rxd2 Kxd7 22. Nf5 Bf8 23. Bb3 e6 24. Nd4 h5 25. Nxe6 Bh6 26. Ng5 Rhe8 27. c4
Rxe1+ 28. Bxe1 Re8 29. Kd1 Bxg5 30. hxg5 Ne4 31. Rd4 Kd6 32. cxd5 c5 33. Ra4
Nxg5 34. Bg3+ Kd7 35. Rxa6 Ne4 36. Ba4+ Ke7 37. Re6+ 1-0

[Event "XXIV Memorial Edoardo Crespi A"]
[Site "Milano ITA"]
[Date "2003.12.07"]
[Round "3"]
[White "Barlocco, Carlo"]
[Black "Pietrocola, Roberto"]
[Result "1/2-1/2"]
[WhiteElo "2132"]
[BlackElo "1903"]
[PlyCount "120"]
[EventDate "2003.12.05"]

1. e4 e6 2. d4 d5 3. Nc3 Nf6 4. Bg5 Bb4 5. e5 h6 6. Bd2 Bxc3 7. bxc3 Ne4 8. Qg4
g6 9. Bd3 Nxd2 10. Kxd2 c5 11. h4 Qc7 12. h5 g5 13. f4 gxf4 14. Qg7 Rf8 15.
Qxh6 cxd4 16. cxd4 Nc6 17. Nf3 Bd7 18. Qxf4 O-O-O 19. h6 f6 20. h7 fxe5 21.
Qxf8 Rxf8 22. h8=Q Qa5+ 23. c3 Rxh8 24. Rxh8+ Kc7 25. Nxe5 Nxe5 26. dxe5 Qa3
27. Bc2 Bb5 28. Rh7+ Kb6 29. Rb1 a6 30. Rh6 Qxa2 31. Rxe6+ Ka7 32. Re7 Qc4 33.
Rb4 Qe2+ 34. Kc1 Qxg2 35. Kb2 Qg5 36. Rf7 Qxe5 37. Rf5 Qe6 38. Rh4 Be8 39. Rhf4
Qb6+ 40. Rb4 Qe6 41. Rbf4 Qe2 42. Rf2 Qb5+ 43. Bb3 Bc6 44. c4 Qb6 45. cxd5 Bxd5
46. Rxd5 Qxf2+ 47. Kc3 Qe1+ 48. Kd3 Qg3+ 49. Kc2 Kb6 50. Rd3 Qh2+ 51. Rd2 Qc7+
52. Kb2 a5 53. Rc2 Qe5+ 54. Ka2 Ka7 55. Rd2 a4 56. Bxa4 Qa5 57. Rd4 b5 58. Kb3
Qb6 59. Rb4 Qe3+ 60. Kb2 bxa4 1/2-1/2

[Event "XXIV Memorial Edoardo Crespi A"]
[Site "Milano ITA"]
[Date "2003.12.07"]
[Round "3"]
[White "Barpiyeva, Gulsana"]
[Black "Paoli, Enrico"]
[Result "0-1"]
[WhiteElo "2169"]
[BlackElo "1950"]
[PlyCount "46"]
[EventDate "2003.12.05"]

1. d4 d5 2. Nf3 Nf6 3. g3 b6 4. Bg2 e6 5. O-O Be7 6. c4 c6 7. Nc3 O-O 8. b3
Nbd7 9. Bb2 Ba6 10. cxd5 cxd5 11. Re1 Rc8 12. Rc1 h6 13. Ne5 Nxe5 14. dxe5 Nd7
15. e4 d4 16. Qxd4 Nc5 17. Ne2 Nd3 18. Rxc8 Qxc8 19. Rf1 Rd8 20. Qc3 Bb4 21.
Qxc8 Rxc8 22. Bd4 Rc2 23. Bf3 Ne1 0-1

[Event "XXIV Memorial Edoardo Crespi A"]
[Site "Milano ITA"]
[Date "2003.12.07"]
[Round "3"]
[White "Bevilacqua, Maurizio"]
[Black "Sgnaolin, Davide"]
[Result "1-0"]
[WhiteElo "2082"]
[BlackElo "2137"]
[PlyCount "64"]
[EventDate "2003.12.05"]

1. d4 Nf6 2. c4 c5 3. d5 b5 4. cxb5 a6 5. f3 axb5 6. e4 Qa5+ 7. Bd2 b4 8. Na3
d6 9. Nc4 Qd8 10. Bg5 g6 11. h4 Bg7 12. Qd2 h6 13. Be3 Nbd7 14. Nh3 Nb6 15. Nf4
Nxc4 16. Bxc4 Ba6 17. Bb3 Bb5 18. h5 g5 19. Ne2 Nd7 20. O-O Ne5 21. Rfc1 Qd7
22. a3 bxa3 23. Rxa3 O-O 24. Ng3 Rxa3 25. bxa3 c4 26. Ba2 e6 27. Rb1 c3 28. Qc1
Bc4 29. Bb3 exd5 30. Nf5 dxe4 31. fxe4 Bxb3 32. Rxb3 d5 1-0

[Event "XXIV Memorial Edoardo Crespi A"]
[Site "Milano ITA"]
[Date "2003.12.07"]
[Round "3"]
[White "Bisignano, Giuseppe"]
[Black "Giretti Kanev, Jasen"]
[Result "0-1"]
[WhiteElo "2055"]
[BlackElo "2210"]
[PlyCount "76"]
[EventDate "2003.12.05"]

1. e4 c6 2. Nc3 d5 3. d4 dxe4 4. Nxe4 Bf5 5. Ng3 Bg6 6. Nf3 Nf6 7. Bd3 e6 8.
O-O Bd6 9. Ne5 Bxd3 10. Qxd3 Bxe5 11. dxe5 Qxd3 12. cxd3 Nd5 13. Ne4 O-O 14. a3
Nd7 15. f4 a5 16. b3 h6 17. Bd2 c5 18. Rf3 a4 19. b4 cxb4 20. axb4 Rfc8 21. Ra2
Rc6 22. Nd6 Nc3 23. Bxc3 Rxc3 24. Kf1 Rb3 25. b5 a3 26. Ke1 Rb2 27. Rf2 Nc5 28.
Rd2 Nxd3+ 29. Kd1 Ra4 30. Ra1 Nc5 31. Ra2 Nd3 32. Ra1 Rd4 33. Rxb2 axb2 34.
Ra8+ Kh7 35. Kc2 Rb4 36. Kb1 Rb3 37. Nc4 Rc3 38. Na3 Rc1+ 0-1

[Event "XXIV Memorial Edoardo Crespi A"]
[Site "Milano ITA"]
[Date "2003.12.07"]
[Round "3"]
[White "Bozzali, Ermanno"]
[Black "Massironi, Marco"]
[Result "0-1"]
[WhiteElo "2124"]
[BlackElo "2082"]
[PlyCount "93"]
[EventDate "2003.12.05"]

1. e4 c5 2. Nf3 d6 3. d4 cxd4 4. Nxd4 Nf6 5. Nc3 a6 6. Be2 e5 7. Nb3 Be6 8. f4
exf4 9. Bxf4 Be7 10. Nd4 Nc6 11. Qd2 d5 12. Nxe6 fxe6 13. exd5 exd5 14. Bf3 d4
15. Ne2 Nd5 16. O-O-O O-O 17. Kb1 Bf6 18. c4 Ndb4 19. a3 Qa5 20. Bd5+ Nxd5 21.
Qxa5 Nxa5 22. cxd5 Rad8 23. d6 Nc4 24. Nxd4 Rfe8 25. Rd3 Re4 26. Rhd1 Nxd6 27.
Nc6 bxc6 28. Bxd6 Re2 29. R1d2 Rxd2 30. Rxd2 Be5 31. Bb4 Rxd2 32. Bxd2 Bxh2 33.
Kc2 Kf7 34. Kb3 Be5 35. Bc1 Bc7 36. Kc4 Bb6 37. Bf4 Ke6 38. b4 Kf5 39. Bd6 g5
40. a4 h5 41. Bc5 Bd8 42. Bd6 Ke6 43. Bh2 h4 44. Kc5 Kd7 45. b5 cxb5 46. axb5
a5 47. Kd5 0-1

[Event "XXIV Memorial Edoardo Crespi A"]
[Site "Milano ITA"]
[Date "2003.12.07"]
[Round "3"]
[White "Cazzaniga, Walter"]
[Black "Bonade', Massimo"]
[Result "0-1"]
[WhiteElo "2119"]
[BlackElo "2053"]
[PlyCount "50"]
[EventDate "2003.12.05"]

1. d4 d5 2. c4 e6 3. Nc3 Nf6 4. Bg5 Be7 5. Nf3 O-O 6. e3 h6 7. Bh4 b6 8. Be2
Bb7 9. O-O Nbd7 10. Rc1 c5 11. a3 Rc8 12. cxd5 Nxd5 13. Bxe7 Qxe7 14. Nxd5 exd5
15. dxc5 bxc5 16. Qa4 a6 17. Rc2 Nf6 18. Rd1 Ne4 19. Bf1 Rfd8 20. b4 c4 21. Nd4
Qg5 22. Re1 Re8 23. Qa5 Qg6 24. a4 Ng5 25. Rd1 Nf3+ 0-1

[Event "XXIV Memorial Edoardo Crespi A"]
[Site "Milano ITA"]
[Date "2003.12.07"]
[Round "3"]
[White "Efimov, Igor"]
[Black "Raineri, Valerio"]
[Result "1-0"]
[WhiteElo "2497"]
[BlackElo "2191"]
[PlyCount "75"]
[EventDate "2003.12.05"]

1. d4 Nf6 2. c4 g6 3. Nc3 Bg7 4. Nf3 d6 5. Bg5 O-O 6. e3 c6 7. Be2 Nbd7 8. Qc2
Qc7 9. O-O e5 10. Rfd1 h6 11. Bh4 g5 12. Bg3 Re8 13. c5 Bf8 14. b4 b6 15. Rac1
bxc5 16. bxc5 g4 17. cxd6 Bxd6 18. dxe5 Nxe5 19. Nd4 a6 20. Nf5 Bxf5 21. Qxf5
Qe7 22. Rd4 Qe6 23. Qxe6 Rxe6 24. Rxd6 Rxd6 25. Bxe5 Re6 26. Bxf6 Rxf6 27. Bxg4
Rg6 28. Ne4 c5 29. Rxc5 Rb8 30. h3 Rb5 31. Rxb5 axb5 32. Nc3 Ra6 33. Nxb5 Rxa2
34. Nd4 Kg7 35. g3 Kg6 36. Kg2 h5 37. Bf3 Ra5 38. h4 1-0

[Event "XXIV Memorial Edoardo Crespi A"]
[Site "Milano ITA"]
[Date "2003.12.07"]
[Round "3"]
[White "Faccia, Sergio"]
[Black "Zanetti, Alberto"]
[Result "0-1"]
[WhiteElo "1984"]
[BlackElo "2171"]
[PlyCount "100"]
[EventDate "2003.12.05"]

1. e4 g6 2. d4 c6 3. Bd3 d5 4. e5 Nh6 5. Nf3 Bg7 6. O-O O-O 7. Bf4 f6 8. Qd2
Nf7 9. h3 g5 10. Bg3 g4 11. hxg4 Bxg4 12. exf6 exf6 13. Qf4 f5 14. Bh4 Bf6 15.
Bxf6 Qxf6 16. Nbd2 Nd7 17. Rfe1 Rae8 18. Nh2 Qd6 19. Qxd6 Nxd6 20. Nxg4 fxg4
21. Re2 Rxe2 22. Bxe2 Nf6 23. Re1 Re8 24. Kf1 Nf5 25. c3 h5 26. Bd3 Rxe1+ 27.
Kxe1 Nd6 28. g3 Kg7 29. Ke2 Kh6 30. Ke3 Kg5 31. a4 Ng8 32. a5 Ne7 33. Bb1 Nef5+
34. Ke2 h4 35. gxh4+ Nxh4 36. Bc2 Ng2 37. Nf1 Kf4 38. Ng3 Ne4 39. Nh5+ Kg5 40.
Ng3 Kf4 41. Nxe4 dxe4 42. a6 b6 43. Ba4 b5 44. Bc2 e3 45. fxe3+ Nxe3 46. Bg6
Nd5 47. Be8 Ne7 48. Bd7 g3 49. Bh3 b4 50. cxb4 Nd5 0-1

[Event "XXIV Memorial Edoardo Crespi A"]
[Site "Milano ITA"]
[Date "2003.12.07"]
[Round "3"]
[White "Iudicello, Giovanni"]
[Black "Buonocore, Elio"]
[Result "1-0"]
[WhiteElo "2149"]
[BlackElo "2099"]
[PlyCount "57"]
[EventDate "2003.12.05"]

1. e4 c5 2. Nf3 Nc6 3. Nc3 e5 4. g3 g6 5. Bg2 Bg7 6. O-O Nge7 7. d3 d6 8. Be3
h6 9. Ne2 Nd4 10. Nexd4 cxd4 11. Bd2 O-O 12. c3 dxc3 13. Bxc3 Nc6 14. d4 Bg4
15. d5 Ne7 16. Qb3 b6 17. Nd2 Bd7 18. f4 f6 19. Nc4 Nc8 20. Rac1 Re8 21. Rc2
Kh7 22. fxe5 dxe5 23. a4 h5 24. a5 b5 25. Ne3 a6 26. Bb4 Ra7 27. Rfc1 f5 28.
exf5 gxf5 29. Qd3 1-0

[Event "XXIV Memorial Edoardo Crespi A"]
[Site "Milano ITA"]
[Date "2003.12.07"]
[Round "3"]
[White "Kidane, Robel"]
[Black "Castrogiovanni, Carlo"]
[Result "1/2-1/2"]
[WhiteElo "2049"]
[BlackElo "2068"]
[PlyCount "70"]
[EventDate "2003.12.05"]

1. e4 c5 2. Nf3 a6 3. c4 e6 4. Nc3 Nc6 5. d4 cxd4 6. Nxd4 Qc7 7. Nc2 Nf6 8. Be2
Bd6 9. Be3 Bf4 10. Qd2 Bxe3 11. Qxe3 d6 12. O-O O-O 13. Rfd1 Ne5 14. Qd4 Rd8
15. c5 d5 16. exd5 exd5 17. Nb4 Be6 18. f4 Nc6 19. Nxc6 bxc6 20. Na4 a5 21. Nb6
Rab8 22. Bd3 Bg4 23. Re1 Re8 24. a3 Nd7 25. f5 Ne5 26. Rxe5 Qxe5 27. Qxe5 Rxe5
28. Nd7 Rbe8 29. Nxe5 Rxe5 30. Rf1 f6 31. Rf4 Be2 32. Bxe2 Rxe2 33. Ra4 Rxb2
34. Rxa5 Rc2 35. Ra8+ Kf7 1/2-1/2

[Event "XXIV Memorial Edoardo Crespi A"]
[Site "Milano ITA"]
[Date "2003.12.07"]
[Round "3"]
[White "La Torre, Giovanni"]
[Black "Berra, Davide"]
[Result "1/2-1/2"]
[WhiteElo "2057"]
[BlackElo "2207"]
[PlyCount "120"]
[EventDate "2003.12.05"]

1. Nf3 e6 2. c4 f5 3. g3 Nf6 4. Bg2 Be7 5. Nc3 O-O 6. O-O d6 7. d4 c6 8. Qb3 d5
9. cxd5 exd5 10. Ne5 Na6 11. Bg5 Nc7 12. e3 Nce8 13. Rac1 Nd6 14. Rfd1 Ng4 15.
Bxe7 Qxe7 16. Bxd5+ cxd5 17. Nxd5 Qe6 18. Rxc8 Nxe5 19. Rxf8+ Rxf8 20. dxe5 Nc8
21. Nf6+ Kf7 22. Rd7+ Ne7 23. Nxh7 Qxb3 24. axb3 Rb8 25. Ng5+ Ke8 26. e6 a5 27.
Nf7 b6 28. Ne5 Rc8 29. Rb7 Rc5 30. Nc4 Nc8 31. Rxg7 a4 32. Rb7 axb3 33. Nxb6
Nd6 34. Rb8+ Ke7 35. Nd7 Rc2 36. Rxb3 Ne4 37. Rb5 Nxf2 38. h4 Kxe6 39. Nf8+ Kf6
40. Nh7+ Kg6 41. Ng5 Ng4 42. Rb6+ Kh5 43. e4 f4 44. gxf4 Kxh4 45. Kf1 Kg3 46.
Rb3+ Kxf4 47. Ne6+ Kxe4 48. Ng5+ Kf5 49. Nf7 Kf4 50. Nd6 Nh2+ 51. Ke1 Nf3+ 52.
Kd1 Rd2+ 53. Kc1 Rxd6 54. Rb4+ Ke3 55. Rc4 Ne5 56. Rc8 Nd3+ 57. Kc2 Ne5 58. b4
Rh6 59. Kb3 Rh1 60. Re8 Kd4 1/2-1/2

[Event "XXIV Memorial Edoardo Crespi A"]
[Site "Milano ITA"]
[Date "2003.12.07"]
[Round "3"]
[White "Lapiccirella, Daniele"]
[Black "Damia, Angelo"]
[Result "1-0"]
[WhiteElo "2086"]
[BlackElo "2059"]
[PlyCount "133"]
[EventDate "2003.12.05"]

1. d4 Nf6 2. c4 g6 3. Nc3 Bg7 4. e4 O-O 5. f3 d6 6. Be3 e5 7. d5 a5 8. Qd2 Ne8
9. Nge2 f5 10. O-O-O Na6 11. h3 Bd7 12. g4 f4 13. Bf2 h5 14. Kb1 h4 15. Nc1 g5
16. Nd3 b6 17. Be2 Nc5 18. b3 Nf6 19. Kc2 Nxd3 20. Bxd3 Qe7 21. Rb1 Ra7 22. Kd1
Rfa8 23. Ke2 Qd8 24. Kf1 Qc8 25. Be2 Kh7 26. Kg2 Bh6 27. a3 Rb7 28. b4 axb4 29.
axb4 Bf8 30. Rb2 Be7 31. Ra2 Rba7 32. Rha1 Rxa2 33. Rxa2 Rxa2 34. Qxa2 Qb7 35.
Qa3 Ne8 36. Qa2 Kg7 37. Bd1 Nf6 38. Ne2 c6 39. dxc6 Bxc6 40. Nc3 b5 41. cxb5
Bxb5 42. Nxb5 Qxb5 43. Qe6 Qd7 44. Qxd7 Nxd7 45. Ba4 Nf6 46. b5 d5 47. b6 dxe4
48. b7 Bd6 49. Ba7 exf3+ 50. Kxf3 e4+ 51. Kg2 f3+ 52. Kg1 e3 53. b8=Q Bxb8 54.
Bxb8 Ne4 55. Ba7 e2 56. Bf2 Nc5 57. Bc6 Nd3 58. Bxf3 e1=Q+ 59. Bxe1 Nxe1 60.
Be4 Kf6 61. Kf2 Ke5 62. Bf5 Kf4 63. Kxe1 Kg3 64. Ke2 Kxh3 65. Kf3 Kh2 66. Bc8
h3 67. Bb7 1-0